LIBRARY & INFORMATION CENTRE, KCAET, TAVANUR

ONLINE PUBLIC ACCESS CATALOGUE (OPAC)

Safety code for scaffolds and ladders ,Part 1 scaffolds,IS:3696-1987 / (Record no. 4297)

MARC details
000 -LEADER
fixed length control field 00900cam a2200145ua 4500
041 ## - LANGUAGE CODE
Language code of text/sound track or separate title eng
082 ## - DEWEY DECIMAL CLASSIFICATION NUMBER
Classification number 690.57
Item number IND/SA
245 ## - TITLE STATEMENT
Title Safety code for scaffolds and ladders ,Part 1 scaffolds,IS:3696-1987 /
260 ## - PUBLICATION, DISTRIBUTION, ETC. (IMPRINT)
Place of publication :
Name of publisher ISI ,
Year of publication 1988.
300 ## - PHYSICAL DESCRIPTION
Number of Pages 31 ; .
942 ## - ADDED ENTRY ELEMENTS (KOHA)
Koha item type Books
Holdings
Withdrawn status Lost status Damaged status Home library Current library Date acquired Full call number Accession Number Koha item type
      KAUAET   07/04/2012 690.57 17076 Books
free website counter